| 000 | 00912cam a2200193 4500 | ||
|---|---|---|---|
| 001 | X114830 | ||
| 008 | 010926n2001 000 0 eng u | ||
| 035 | _a(Sirsi) u114830 | ||
| 245 | _aCopas v Windsor and Maidenhead BC | ||
| 260 | _c2001 | ||
| 490 |
_aJournal of Planning and Environment Law _v[2001] JPL 1169-1184(16) |
||
| 520 | _aCA 7 February 2001. Deposit draft local plan. Inclusion of land within Green Belt. Local plan inquiry. No modificaiton. applicaiton to quash decision of council to adopt local plan. PPG2. Test of necessity. Whether objectives of green belt land wrongly considered. Application allowed [Taken from journal headnote]. | ||
| 650 | _aCOPAS V WINDSOR AND MAIDENHEAD BC | ||
| 650 | _aLOCAL PLAN | ||
| 650 | _aGREEN BELT LAND | ||
| 650 | _aPLANNING POLICY GUIDANCE NOTE 2 (GREEN BELTS) | ||
| 690 | _aENVIRONMENTAL AND LAND CONSULTANCY-PLANNING AND DEVELOPMENT | ||
| 942 | _n0 | ||
| 999 |
_c68362 _d68362 |
||